| 000 | 00503nam a2200217Ia 4500 | ||
|---|---|---|---|
| 003 | OSt | ||
| 005 | 20230918154801.0 | ||
| 008 | 230711s9999||||xx |||||||||||||| ||und|| | ||
| 020 | _a978-81-317-0481-3 | ||
| 040 | _cMRSPTU | ||
| 041 | _aENG | ||
| 082 |
_a547 _bMO-O |
||
| 100 | _aMorrison, Robert Thornton | ||
| 245 | 0 | _aOrganic Chemistry | |
| 250 | _a7th Ed. | ||
| 260 |
_c2022 _aNew Delhi _bPearson |
||
| 300 | _a1472p. | ||
| 650 | _aPharmacy | ||
| 700 | _aBoyd,Robert Neilson | ||
| 942 |
_cBK _2ddc |
||
| 999 |
_c7508 _d7508 |
||